Science Quiz

Random Science Quiz

Fish Famlies Quiz Stats

 Plays Quiz not verified by Sporcle

Support Sporcle.
Go Orange.
Score 0/28 Timer 05:00
0 Plays Today
Hint Answer % Correct
BowfinAmiidae
97.4%
SturgeonsAcipenseridae
94.7%
PaddlefishPolyodontidae
92.1%
LampreysPetromyzontidae
89.5%
GarsLepisosteidae
86.8%
HerringsClupeidae
86.8%
CatfishIctaluridae
84.2%
EelsAnguilidae
81.6%
MinnowsCyprinidae
81.6%
Pikes/pickerelsEsocidae
81.6%
MooneyeHiodontidae
78.9%
SuckersCatostomidae
76.3%
troutperchPercopsidae
76.3%
Temperate bassesMoronidae
76.3%
Hint Answer % Correct
Perchs/dartersPercidae
76.3%
DrumSciaenidae
76.3%
MudminnowsUmbridae
73.7%
Salmon/troutSalmonidae
73.7%
BurbotGadidae
73.7%
SilversidesAtherinopsidae
73.7%
TopminnowsFundulidae
73.7%
LivebearersPoeciliidae
73.7%
SticklebacksGasterosteidae
73.7%
SmeltsOsmeridae
71.1%
PupfishesCyprinodontidae
71.1%
SculpinsCottidae
71.1%
Basses/sunfishCentrachidae
71.1%
Pirate perchAphredoderidae
68.4%

You're not logged in!

Compare scores with friends on all Sporcle quizzes.
OR
Log In

From the Vault

Which Nordic Country?

by Pedroia15

There's more to the Nordics than skiing and vikings.
Remove Ads.
Support Sporcle.
Get the best of Sporcle when you Go Orange. This ad-free experience offers more features, more stats, and more fun while also helping to support Sporcle. Thank you for becoming a member.

Show Comments

Extras

Created Sep 15, 2013ReportNominate
Tags:Family, fish

Top Quizzes Today


Score Distribution

Your Account Isn't Verified!

In order to create a playlist on Sporcle, you need to verify the email address you used during registration. Go to your Sporcle Settings to finish the process.

Report this User

Report this user for behavior that violates our Community Guidelines.

Details: